| 000 | 00723 a2200193 4500 | ||
|---|---|---|---|
| 999 |
_c26655 _d26655 |
||
| 008 | 230626b ||||| |||| 00| 0 eng d | ||
| 020 |
_a9783030168766 _cEuro49.99 |
||
| 041 | 0 | _aeng | |
| 082 | 0 | 0 |
_a004.0151 _bL7554 |
| 100 | _aLinge, Svein | ||
| 245 |
_aProgramming for Computations - Python : A Gentle Introduction to Numerical Simulations with Python 3.6 / _cSvein Linge, and Hans Petter Langtangen |
||
| 250 | _a2nd ed. | ||
| 260 |
_aGewerbestrasse: _bSpringer Nature Swizerland, _c2020. |
||
| 300 |
_axxiii, 323 p. : _bill. ; _c26 cm. |
||
| 490 | 0 |
_aTexts in Computational Science and Engineering ; _vno. 15. |
|
| 650 | 0 |
_aComputer science _xmathematics |
|
| 700 |
_95560 _aLangtangen, Hans Petter |
||
| 942 |
_2ddc _cBK |
||